Theory of linear and non-linear programming

Na minha lista:
Detalhes bibliográficos
Autor principal: Vajda, D.
Formato: Livro
Idioma:inglês
Publicado em: London Longman 1974
Tags: Adicionar Tag
Sem tags, seja o primeiro a adicionar uma tag!

MARC

LEADER 00000nam a2200000 4500
001 c109324
005 20041019155143.8
041 0 |a eng 
044 |a GB 
245 1 0 |a Theory of linear and non-linear programming  |c D. Vajda 
264 1 |a London  |b Longman  |c 1974 
300 |a 118 s. 
100 1 |a Vajda, D.